zpět

Detail výsledku týmu

Café 1516, Jáchymov

Datum a čas kvízu

35 Celkem bodů Celkový počet nahraných bodů na tomto kvízu bez doplňovacích otázek.
3. Pořadí na kvízu Konečné umístění týmu na tomto kvízu.

Zaznamenané odpovědi

# Otázka Odpověď Body Výsledky
1. Která společnost začala minulý... Foodora 0
2. Vydavatelství Oxford Universit... C 0
3. Kterou známou hollywoodskou he... Julii Roberts 1
4. Tento klenot z horského křišťá... Fabergého vejce 1
5. Minulý týden se v Premier Leag... Manchester City, Erling Haaland 0.5
6. Jak jinak začít toto téma, než... žlutý trpaslík 0
7. Další otázku věnujme Zemi. Jed... 6378 km 1
8. Nyní se podíváme na planety, c... Merkur; Venuše 1
9. Na řadě je rychlost planet. Co... B 0
10. Přiřaďte názvy těchto měsíců k... 1B 2A 3D 4C 0